00390nam a2200121 a 4500008004100000050001500041100002600056245010800082246001600190260003300206300002000239350000900259120416s1969 ||||||||||||||||| || u aTJ 265 Pro aKutateladze, Samson S10aProblems of heat transfer and hydraulics of two-phase mediacedited in the Russian by S. S. Kutateladze aa symposium aOxfordbPergamon Pressc1969 ax, 491p. : ill. a0.00